New Simplified Physics (Record no. 11073)

MARC details
000 -LEADER
fixed length control field 00292nam a22000977a 4500
008 - FIXED-LENGTH DATA ELEMENTS--GENERAL INFORMATION
fixed length control field 180824b ||||| |||| 00| 0 eng d
020 ## - INTERNATIONAL STANDARD BOOK NUMBER
International Standard Book Number 9788177002225
100 ## - MAIN ENTRY--PERSONAL NAME
Personal name Arora, S L
9 (RLIN) 6852
245 ## - TITLE STATEMENT
Title New Simplified Physics
Remainder of title A Reference Book For Class XII
260 ## - PUBLICATION, DISTRIBUTION, ETC. (IMPRINT)
Place of publication, distribution, etc. New Delhi
Name of publisher, distributor, etc. Dhanpat Rai & Co
Date of publication, distribution, etc. 2018
Holdings
Withdrawn status Lost status Source of classification or shelving scheme Damaged status Koha normalized classification for sorting Not for loan Home library Current library Shelving location Date acquired Total Checkouts Total Renewals Full call number Barcode Date last seen Date last checked out Price effective from Koha item type
    Dewey Decimal Classification   ARO_530_000000000000000   Good Samaritan School Library Good Samaritan School Library Physics 08/24/2018 11 9 ARO530 ARO15051 02/10/2025 01/08/2025 08/24/2018 BOOK

Powered by Koha